Organisational Behaviour on the Pacific Rim (Record no. 345163)

000 -LEADER
fixed length control field 01900 a2200265 4500
003 - CONTROL NUMBER IDENTIFIER
control field OSt
005 - DATE AND TIME OF LATEST TRANSACTION
control field 20180116182734.0
008 - FIXED-LENGTH DATA ELEMENTS--GENERAL INFORMATION
fixed length control field 170807b xxu||||| |||| 00| 0 eng d
020 ## - INTERNATIONAL STANDARD BOOK NUMBER
International Standard Book Number 0074716581
020 ## - INTERNATIONAL STANDARD BOOK NUMBER
International Standard Book Number 9780074716588
040 ## - CATALOGING SOURCE
Transcribing agency 0
082 ## - DEWEY DECIMAL CLASSIFICATION NUMBER
Classification number 302.35 MCS 2007
100 1# - MAIN ENTRY--PERSONAL NAME
Personal name Steven McShane, Tony Travaglione
245 10 - TITLE STATEMENT
Title Organisational Behaviour on the Pacific Rim
Statement of responsibility, etc. Steven McShane, Tony Travaglione
250 ## - EDITION STATEMENT
Edition statement 2nd ed.
260 ## - PUBLICATION, DISTRIBUTION, ETC.
Place of publication, distribution, etc. [S.l.] :
Name of publisher, distributor, etc. McGraw Hill Higher Education,
Date of publication, distribution, etc. 2007.
300 ## - PHYSICAL DESCRIPTION
Extent 596 p.
Dimensions 27 cm.
Other physical details pb
440 ## - SERIES STATEMENT/ADDED ENTRY--TITLE
Title Organisational Behaviour on the Pacific Rim
500 ## - GENERAL NOTE
General note Paperback.
520 ## - SUMMARY, ETC.
Summary, etc. The 'fish book' has become a phenomenal success story. Primarily used as a 2nd year level text for students majoring in Management, the popularity and widespread use of the text has enabled us to gain further insight into developing this next edition to meet the needs of the market. This text addresses contemporary topics in a depth that other textbooks have yet to achieve.Students are kept up-to-date with: revised case studies and boxed features; daily OB news from around the country, through Press Gallery; and, updated coverage of concepts. Written in clear, uncomplicated language, the text has been commended for linking learning with work-related behaviour and its focus on essential concepts and smooth transition from theory to practice. The examples are real, current and thought-provoking and relate to student's experience and interest. The book maintains a Pacific Rim focus whilst including international examples to ensure that students are exposed to OB on a broader scale.
700 1# - ADDED ENTRY--PERSONAL NAME
Personal name Travaglione, Tony.
856 40 - ELECTRONIC LOCATION AND ACCESS
Materials specified Amazon.com
Uniform Resource Identifier <a href="http://www.amazon.com/exec/obidos/ASIN/0074716581/chopaconline-20">http://www.amazon.com/exec/obidos/ASIN/0074716581/chopaconline-20</a>
856 40 - ELECTRONIC LOCATION AND ACCESS
Materials specified Amazon customer reviews
Uniform Resource Identifier <a href="http://www.chopac.org/cgi-bin/tools/azrev.pl?q=0074716581">http://www.chopac.org/cgi-bin/tools/azrev.pl?q=0074716581</a>
942 ## - ADDED ENTRY ELEMENTS (KOHA)
Institution code [OBSOLETE] NBS
Koha item type Book
Call number prefix 302.35 MCS 2007
Source of classification or shelving scheme
Holdings
Withdrawn status Lost status Damaged status Not for loan Permanent Location Current Location Date acquired Total Checkouts Full call number Barcode Date last seen Date last checked out Price effective from Koha item type
        Central Library (CL) Central Library (CL) 08/28/2013 1 302.3509182322 MCS NBS7669 11/22/2017 07/20/2017 08/28/2013 Book
        Central Library (CL) Central Library (CL) 08/28/2013 2 302.3509182322 MCS NBS7320 11/22/2017 08/08/2017 08/28/2013 Book
© 2023 Central Library, National University of Sciences and Technology. All Rights Reserved.